000 00769nam a2200229Ia 4500
008 191130s2003##################000#0#eng##
020 _a9780761996972
022 _a2002068343
040 _aACL
_cACL
082 _a305.420944 HAA
245 _aFrench feminism : an Indian anthology
_ceditors, Danielle Haase-Dubosc ... [et al.] ; translated under the direction of Nirupama Rastogi
260 _aThousand Oaks, CA
_bSAGE Publications
_c2003
300 _a448 p. ; 23 cm
500 _aIncludes bibliographical references and index
650 _aFeminism - France
650 _aFeminist theory - France
700 _aHaase-Dubosc, Danielle
700 _aRastogi, Nirupama
990 _a06825635ac10000c51c2f9148558980e
991 _a17421
999 _c188481
_d188481